| 000 | 00665 a2200181 4500 | ||
|---|---|---|---|
| 003 | Nust | ||
| 005 | 20170207153424.0 | ||
| 040 | _cNust | ||
| 082 | _a355.30947 | ||
| 100 | _aVincent R J | ||
| 245 |
_aMilitary power and political Influence the Soviet Union and Western Europe _bThe Soviet union and westerm europe _cR.J.Vincent |
||
| 260 |
_aLondon _bStrategic Studies _c1975 |
||
| 300 | _a29 p.; | ||
| 505 | _aThe Utility of Military Force (Page-2), The Soviet Union and Military Power (Page-5), The Political Effect of Soviet Military (Page-19), Conclusion (Page-28), | ||
| 538 | _aAlmirah No.53 Shelf No.6 | ||
| 600 | _aR J Vincent | ||
| 650 | _aPolitical Influence | ||
| 942 |
_2ddc _cBK |
||
| 999 |
_c185817 _d185817 |
||